| 000 | 00559nam a2200205Ia 4500 | ||
|---|---|---|---|
| 003 | LK-CoDNM | ||
| 008 | 010623t1975 xxu||||| |||| 00| 1 sin d | ||
| 040 |
_aLK-CoDNM _dLK-CoDNM _eLK-CoDNM |
||
| 041 | _asin | ||
| 080 |
_a791.44 _bRAT |
||
| 100 | _aRatnavibhusana, Ashley | ||
| 245 | _aසිනමාවේ කර්මික රටාව | ||
| 246 | _aTechnical aspects of the cinema | ||
| 260 |
_bAn OCIC _aSri Lanka _c1975 |
||
| 300 | _b(xiv)74, 21.5 cm | ||
| 650 | _aCinema | ||
| 650 | _aLiterature | ||
| 700 | _aWelikala, Lakshman | ||
| 942 | _cBK | ||
| 999 |
_c109728 _d109728 |
||